International Logos and Trademarks /

में बचाया:
ग्रंथसूची विवरण
स्वरूप: पुस्तक
भाषा:अंग्रेज़ी
प्रकाशित: Washington, EUA : Madison Square Press, 1993, c1993
विषय:
टैग: टैग जोड़ें
कोई टैग नहीं, इस रिकॉर्ड को टैग करने वाले पहले व्यक्ति बनें!

MARC

LEADER 00000nam^a2200000^a^4500
001 000275275
005 20250521000000.0
009 20260310111227.1
020 |a 0-942604-26-1 
037 |a Acervo ITESO - Biblioteca 
041 |a ING 
082 |a 741. 63  |b INT 
245 1 0 |a International Logos and Trademarks / 
264 4 |a Washington, EUA :  |b Madison Square Press,  |c 1993, c1993 
300 |a 193 p. 
336 |a texto  |b txt  |2 rdacontenido 
337 |a sin mediación  |b n  |2 rdamedio 
338 |a volumen  |b nc  |2 rdasoporte 
649 |a XX 
650 |a Logotipos 
650 |a Identidad Corporativa 
650 |a Diseño Gráfico 
650 |a Comunicación Visual 
910 |a Fondo General 
920 |a Impresos - Libros 
930 |a Reserva Especial 
905 |a 103 
901 |a 0381200100  |b IT1  |c REE  |u 20250521 
902 |a https://opac.biblio.iteso.mx/vufind/Record/000275275